000 01075cam a2200133 4500500
005 20260405024736.0
041 _afre
042 _adc
100 1 0 _aAlbert, Jean-Marc
_eauthor
245 0 0 _aLa France du XVIIe siècle
260 _bArmand Colin,
_c2012.
520 _aPanorama synthétique de la France du XVIIe siècle, cet outil de travail méthodologique est inédit et répond parfaitement aux besoins spécifiques des étudiants. L’auteur, professeur en classes préparatoires, a souhaité offrir un véritable complément aux cours et aux manuels de référence. L'essentiel des connaissances, événements politiques, faits culturels et religieux, contexte social et économique, grandes figures de la période... s’appuie sur un choix de documents les plus significatifs. Des plans de dissertation, une chronologie, un glossaire, et des sources livresques et informatiques seront des ressources pédagogiques et des repères précieux.
856 4 1 _uhttps://shs.cairn.info/la-france-du-xviie-siecle--9782200278618?lang=fr&redirect-ssocas=7080
999 _c2140948
_d2140948